Statistics for Second City!!......Now What's the Capital?

Click here to take the quiz!

General Stats

  • This quiz has been taken 53 times
  • The average score is 25 of 30

Answer Stats

Hint Answer % Correct
Sao PauloBrasilia
96%
TorontoOttawa
94%
ShanghaiBeijing
94%
RotterdamAmsterdam
94%
LyonParis
94%
St. PetersburgMoscow
94%
OsakaTokyo
94%
MilanRome
94%
SydneyCanberra
94%
MumbaiDelhi
92%
AlexandriaCairo
92%
IstanbulAnkara
92%
BarcelonaMadrid
92%
BirminghamLondon
90%
New York CityWashington
90%
AntwerpBrussels
90%
ZurichBern
90%
AucklandWellington
90%
DubaiAbu Dhabi
88%
ThessalonikaAthens
86%
MedellinBogota
84%
BergenOslo
84%
SplitZagreb
76%
KandaharKabul
76%
CordobaBuenos Aires
69%
Quezon CityManila
65%
ChittagongDhaka
63%
OranAlgiers
53%
LimassolNicosia
53%
PenangKuala Lumpur
41%

Score Distribution

Percentile by Number Answered

Percent of People with Each Score

Your Score History

You have not taken this quiz